| 000 | 00378pam a2200157a 44500 | ||
|---|---|---|---|
| 008 | 230515b1996 xxu||||| |||| 00| 0 eng d | ||
| 020 | _aNULL | ||
| 041 | _aENGLISH | ||
| 082 | _aN.D. | ||
| 100 | _aCOULSON J.M / RICHARDSON J.F. | ||
| 245 | _aCHEMICAL ENGINEERING VOL - VI | ||
| 250 | _a0 | ||
| 260 |
_aNULL _bBUHERWORTH / HEINEMANN _c1996 |
||
| 300 | _a831 | ||
| 650 | _aNULL | ||
| 999 |
_c576972 _d576972 |
||